| 000 | 00859cam a2200241 4500 | ||
|---|---|---|---|
| 001 | ABS61583 | ||
| 008 | 000000n1999 000 0 eng u | ||
| 035 | _a(Sirsi) u101647 | ||
| 100 | _aPollock, A | ||
| 245 | _aNew directions for strategic planning in Northern Ireland? | ||
| 260 | _c1999 | ||
| 490 |
_aTown & Country Planning _v68(11) November 1999, 337-339(3) |
||
| 520 | _aGives a brief overview of the history of regional planning in Northern Ireland since the mid 1960s, and ends with a discussion of the draft Regional Strategic Framework published last year. References. | ||
| 590 | _aABS | ||
| 650 | _aNORTHERN IRELAND | ||
| 650 | _aREGIONAL STRATEGIC FRAMEWORK | ||
| 650 | _aSTRATEGIC PLANNING | ||
| 650 | _aHISTORY | ||
| 650 | _aDEVELOPMENT STRATEGY | ||
| 650 | _aHOUSING NEED | ||
| 690 | _aPLANNING LAW AND PRACTICE | ||
| 942 | _n0 | ||
| 999 |
_c60775 _d60775 |
||